000 00487nam a22001817a 4500
999 _c31092
_d31090
003 OSt
005 20181023050202.0
008 181023b ||||| |||| 00| 0 eng d
020 _a0664213022
040 _aMMU
_beng
_cMMU
_dMMU
050 _aBS2593 .B36 1975
245 _aThe Gospel of Luke :
_cTranslated by William Barclay
250 _arevised ed.
260 _aPhiladelphia :
_bThe Westminster,
_c1975
300 _a300 p.:
650 _aBible N.T. Luke
942 _2lcc
_cLOAN LOAN